000 00347nam a2200145Ia 4500
008 150201s2002 xx 000 0 und d
082 _a612
_bH2002V
100 _aVANDER,SHERMAN
245 _aHUMAN PHYSIOLOGY
250 _a8th
260 _bMc-GRAW-HILL L PUBLISHING
_aBOSTON
_c2002
300 _a1-800
650 _aPHYSIOLOGY
942 _2ddc
_cBK
999 _c2618
_d2618